000 00695nam a2200193Ia 4500
008 151121s9999||||xx |||||||||||||| ||und||
082 _a814 / धर्माधि
082 _bHNW-75020
100 _aधर्माधिकारी चंद्रशेखर
245 _aमाणूसनामा
260 _b"चेतश्री प्रकाशन, अंमळनेर"
260 _c--
300 _a156
600 _aधर्माधिकारी चंद्रशेखर
630 _aमाणूसनामा
700 _aधर्माधिकारी चंद्रशेखर
730 _aमाणूसनामा
942 _cBOOK
999 _c1256464
_d1256461